[Event "Mondiale Semilampo FIDE 2024"]
[Site "New York"]
[Date "28.12.2024"]
[Round "12.57"]
[White "Hardaway, Brewington"]
[Black "Bezold, Michael"]
[Result "1-0"]
[WhiteTitle "IM"]
[BlackTitle "GM"]
[WhiteElo "2499"]
[BlackElo "2469"]
[WhiteFideId "30941849"]
[BlackFideId "4601718"]
[EventDate "26.12.2024"]

1. e4 d6 2. d4 Nf6 3. Bd3 e5 4. Nf3 Nbd7 5. O-O Be7 6. c3 O-O 7. Re1 b6 8. a4 a6
9. Nbd2 Bb7 10. Qc2 Re8 11. Nf1 Bf8 12. Ng3 h6 13. Be3 Ng4 14. Bd2 c6 15. Qb3
Ngf6 16. Rad1 Qc7 17. Nf5 Rac8 18. h3 d5 19. Nxe5 Nxe5 20. dxe5 Nxe4 21. Bxe4
dxe4 22. Bf4 Re6 23. Nd6 Bxd6 24. exd6 Qd7 25. Qxb6 c5 26. Bg3 Rg6 27. b4 Kh7
28. bxc5 f5 29. Re3 Qxa4 30. Rd4 Qd7 31. Rb4 Bc6 32. Qxa6 Rf6 33. Bf4 g5 34. Be5
Re6 35. Bd4 f4 36. Re1 f3 37. Reb1 Ra8 38. Qb7 Bxb7 39. Rxb7 Ra7 40. Rxd7+ Rxd7
41. Rb6 Re8 42. Be3 Kg6 43. Rb4 Kf5 44. Rd4 Rc8 45. Rd5+ Ke6 46. c4 Rc6 47. Bd4
Ra7 48. Re5+ Kf7 49. Rxe4 fxg2 50. Kxg2 Ra4 51. Re7+ Kf8 52. Bg7+ Kg8 53. d7 1-0

[Event "Mondiale Semilampo FIDE 2024"]
[Site "New York"]
[Date "28.12.2024"]
[Round "12.58"]
[White "Moradiabadi, Elshan"]
[Black "Thavandiran, Shiyam"]
[Result "1-0"]
[WhiteTitle "GM"]
[BlackTitle "IM"]
[WhiteElo "2512"]
[BlackElo "2410"]
[WhiteFideId "12501255"]
[BlackFideId "2605058"]
[EventDate "26.12.2024"]

1. d4 Nf6 2. Nf3 g6 3. Nbd2 Bg7 4. e4 d6 5. Bb5+ c6 6. Bd3 O-O 7. O-O Nbd7 8.
Qe2 e5 9. dxe5 dxe5 10. a4 Nh5 11. Nc4 Qc7 12. Rd1 Nc5 13. Be3 Ne6 14. g3 Rd8
15. c3 Bd7 16. a5 Be8 17. Bc2 h6 18. Rxd8 Qxd8 19. Nfxe5 c5 20. Ng4 Kh7 21. e5
Bb5 22. Bd3 Ng5 23. Bxg5 Qxg5 24. f4 Qe7 25. Rd1 Rd8 26. Nge3 Kg8 27. Nd6 Ba4
28. Rd2 Rxd6 29. exd6 Qxd6 30. Bc4 Qf8 31. Qd3 Qe7 32. Qd8+ Bf8 33. Qxe7 Bxe7
34. Bd5 b6 35. axb6 axb6 36. Nc4 g5 37. Nxb6 Be8 38. Re2 Kf8 39. Nc8 Bd8 40. Nd6
Bd7 41. Nxf7 Bg4 42. Rd2 Bb6 43. Nxh6 c4+ 44. Kg2 Be3 45. Nxg4 Bxd2 46. fxg5 Bc1
47. b4 cxb3 48. Bxb3 Bxg5 49. Bd5 Ke7 50. c4 Kd6 51. Kf3 Bd8 52. Ke4 Ba5 53. Kf5
Be1 54. Kg6 Nxg3 55. hxg3 Bxg3 56. Kf5 Kc5 57. Ke4 Be1 58. Ne5 Bh4 59. Nd3+ Kd6
60. c5+ Kc7 61. Nb4 Bf2 62. Na6+ Kd8 63. Ke5 Bg3+ 64. Ke6 Bh2 65. Be4 Bg3 66.
Nb4 Bh2 67. Nd3 Bg3 68. Ne5 Kc7 69. Nc4 Bf2 70. Kd5 Bg3 71. Nd6 Bh2 72. Bf5 Bg3
73. Nb5+ Kd8 74. Bg4 Bh2 75. Kc6 Bg1 76. Nc3 Ke7 77. Ne4 Be3 78. Kb7 Bxc5 79.
Nxc5 Kd6 80. Kb6 Kd5 81. Kb5 Kd4 82. Kc6 Kc4 83. Ne6 Kc3 84. Kc5 Kd3 85. Kd5 Ke3
86. Bf5 Kd2 87. Kd4 Kc1 88. Kc3 Kd1 89. Nd4 Ke1 90. Kd3 Kd1 91. Ne2 Ke1 92. Ke3
Kd1 93. Bd3 Ke1 94. Bc2 Kf1 95. Nf4 Ke1 96. Ng2+ Kf1 97. Kf3 Kg1 98. Kg3 1-0

[Event "Mondiale Semilampo FIDE 2024"]
[Site "New York"]
[Date "28.12.2024"]
[Round "12.59"]
[White "Suleymanli, Aydin"]
[Black "Hungaski, Robert"]
[Result "1-0"]
[WhiteTitle "GM"]
[BlackTitle "GM"]
[WhiteElo "2623"]
[BlackElo "2477"]
[WhiteFideId "13413937"]
[BlackFideId "2021030"]
[EventDate "26.12.2024"]

1. e4 e6 2. d4 d5 3. Nc3 Bb4 4. e5 c5 5. a3 Bxc3+ 6. bxc3 Nc6 7. h4 h6 8. Qg4 g6
9. h5 g5 10. f4 f5 11. Qg3 g4 12. dxc5 Qa5 13. a4 d4 14. Ne2 Bd7 15. Kf2 Qxc5
16. Ba3 Qb6 17. a5 Qxa5 18. cxd4 Qd2 19. c3 Nge7 20. Bc1 Qc2 21. Qe3 b5 22. Qd2
Qxd2 23. Bxd2 Nd5 24. Nc1 Nc7 25. Nb3 a5 26. Nc5 Rb8 27. g3 a4 28. Bg2 Na5 29.
Rhb1 Ke7 30. Bc1 Bc6 31. Bxc6 Nxc6 32. Ba3 Kf7 33. Nd7 Rb7 34. Bd6 Nd5 35. Nc5
Ra7 36. Ra3 b4 37. cxb4 Nxd4 38. b5 Ra5 39. b6 Rb5 40. Rxb5 Nxb5 41. Rxa4 Nxb6
42. Rb4 Nxd6 43. exd6 Nd5 44. Rb7+ Kf6 45. Nd7+ Kg7 46. Ne5+ 1-0

[Event "Mondiale Semilampo FIDE 2024"]
[Site "New York"]
[Date "28.12.2024"]
[Round "12.60"]
[White "Zarnicki, Pablo"]
[Black "Gretarsson, Helgi Ass"]
[Result "1/2-1/2"]
[WhiteTitle "GM"]
[BlackTitle "GM"]
[WhiteElo "2514"]
[BlackElo "2418"]
[WhiteFideId "100137"]
[BlackFideId "2300699"]
[EventDate "26.12.2024"]

1. e4 g6 2. d4 d6 3. Nc3 c6 4. f4 d5 5. e5 h5 6. Nf3 Bg4 7. Be3 e6 8. Be2 Nh6 9.
h3 Bxf3 10. Bxf3 Nf5 11. Bf2 h4 12. Ne2 a5 13. O-O a4 14. b3 Qa5 15. Rb1 axb3
16. axb3 Bb4 17. Qd3 Qa6 18. c4 Nd7 19. Kh2 Nb6 20. Rfc1 Qa2 21. Rd1 Ra3 22. c5
Nc8 23. Kg1 Ra8 24. Nc3 Qa5 25. Na4 Qd8 26. Bg4 Ra6 27. Qc2 Kf8 28. Nb2 Ra2 29.
Ra1 Qa5 30. Rxa2 Qxa2 31. Rb1 Na7 32. Be2 Nb5 33. Bxb5 cxb5 34. Rc1 Ba3 35. Nd3
Qxc2 36. Rxc2 b4 37. c6 bxc6 38. Rxc6 Kg7 39. Kf1 Rb8 40. Ke2 Rb7 41. Kd2 Ra7
42. Kc2 Rb7 43. Nc5 Ra7 44. Rc8 Ne7 45. Rb8 Nf5 46. Rb6 Rc7 47. Rb7 Rxb7 48.
Nxb7 g5 49. Nd6 gxf4 50. Nxf5+ exf5 51. Bxh4 Kg6 52. Be1 Kh5 53. Bd2 f3 54. gxf3
Kh4 55. Kd3 Kxh3 56. Ke3 Kg3 57. Be1+ Kg2 58. Kf4 Kf1 59. Bh4 Bb2 60. Be7 Bxd4
61. Bxb4 Ke2 62. Kxf5 Kxf3 63. e6 fxe6+ 64. Kxe6 Ke4 1/2-1/2

[Event "Mondiale Semilampo FIDE 2024"]
[Site "New York"]
[Date "28.12.2024"]
[Round "12.61"]
[White "Manafov, Vugar"]
[Black "Madaminov, Mukhiddin"]
[Result "0-1"]
[WhiteTitle "IM"]
[BlackTitle "GM"]
[WhiteElo "2431"]
[BlackElo "2501"]
[WhiteFideId "13410814"]
[BlackFideId "14210703"]
[EventDate "26.12.2024"]

1. d4 Nf6 2. Nf3 b6 3. c4 Bb7 4. g3 Bxf3 5. exf3 e6 6. Bg2 Bb4+ 7. Nd2 Nc6 8. a3
Bxd2+ 9. Qxd2 d5 10. O-O dxc4 11. f4 Nd5 12. f5 O-O 13. fxe6 fxe6 14. Qe2 Nxd4
15. Qe4 Qf6 16. Be3 Nb3 17. Rad1 b5 18. Rxd5 exd5 19. Qxd5+ Kh8 20. Qxb5 Rab8
21. Qxc4 Qxb2 22. Qxc7 a5 23. a4 Rbc8 24. Qb7 Qc3 25. h4 Nd4 26. Qd5 Rfd8 27.
Bxd4 Qxd4 28. Qxa5 Rc2 29. Qf5 Ra2 30. Bc6 Qd6 31. Be4 g6 32. Qb5 Qd4 33. Bf3
Rf8 34. Qd5 Qb2 35. a5 Rf5 36. Qa8+ Kg7 37. Bd5 Ra3 38. Qg8+ Kh6 39. g4 Rf4 40.
g5+ Kh5 41. Qxh7+ Kg4 42. Be6+ Rf5 43. Bxf5+ gxf5 44. g6 Rg3+ 45. fxg3 Kh3 46.
Rf2 Qc1+ 47. Rf1 Qe3+ 48. Rf2 Qe1+ 0-1

[Event "Mondiale Semilampo FIDE 2024"]
[Site "New York"]
[Date "28.12.2024"]
[Round "12.62"]
[White "Smirnov, Mark"]
[Black "Dudin, Gleb"]
[Result "0-1"]
[WhiteTitle "FM"]
[BlackTitle "GM"]
[WhiteElo "2336"]
[BlackElo "2506"]
[WhiteFideId "13764594"]
[BlackFideId "34184934"]
[EventDate "26.12.2024"]

1. e4 c5 2. Nf3 d6 3. Bb5+ Bd7 4. Bxd7+ Nxd7 5. O-O e6 6. b3 Ngf6 7. Qe2 Be7 8.
Bb2 O-O 9. c4 a6 10. Nc3 Ne5 11. Nd1 Nfd7 12. d4 Nxf3+ 13. Qxf3 Bf6 14. dxc5
Bxb2 15. Nxb2 dxc5 16. Rfd1 Qc7 17. Qg3 Qxg3 18. hxg3 Rfd8 19. f3 Kf8 20. Rd2
Ne5 21. Rad1 Rxd2 22. Rxd2 Ke7 23. f4 Nd7 24. Kf2 b5 25. Ke3 h5 26. Rc2 Kd6 27.
Nd3 b4 28. e5+ Kc6 29. Rd2 f6 30. Rd1 a5 31. exf6 gxf6 32. Nb2 Rg8 33. Kf3 e5
34. Rh1 e4+ 35. Kf2 Rh8 36. g4 h4 37. Nd1 a4 38. g5 axb3 39. axb3 fxg5 40. fxg5
Rh5 41. g6 Nf6 42. Ne3 Kd6 43. Rxh4 Rxh4 44. Nf5+ Ke5 45. Nxh4 Kd4 46. g7 Kc3
47. Nf5 Kxb3 48. Nh6 Kc2 49. g4 Kd2 50. g5 e3+ 51. Kf3 e2 52. gxf6 e1=Q 53. g8=Q
Qf1+ 54. Ke4 Qxf6 55. Qg2+ Kc3 56. Qg3+ Kb2 57. Ng4 Qd4+ 58. Kf5 b3 59. Qg2+ Kc1
60. Qf1+ Kc2 61. Qe2+ Kc3 62. Qe1+ Kxc4 63. Ne5+ Kb5 64. Qh1 b2 65. Qb7+ Ka4 66.
Qa6+ Kb3 67. Qb5+ Kc3 68. Qf1 c4 69. Qf3+ Kc2 70. Qg2+ Kb1 71. Qh1+ Ka2 72. Qa8+
Kb3 73. Qb7+ Kc3 74. Qf3+ Qd3+ 75. Nxd3 b1=Q 76. Ke5 Qxd3 77. Qf2 Kb3 78. Qb6+
Kc2 79. Qf2+ Kd1 80. Qg1+ Kd2 81. Kf6 c3 82. Qf2+ Kc1 83. Qg1+ Kb2 84. Qb6+ Kc2
85. Qf2+ Kd1 86. Qg1+ Ke2 87. Qh2+ Ke1 88. Qh4+ Kd1 89. Qh1+ Kd2 90. Qg2+ Ke1
91. Kg7 c2 92. Qg1+ Kd2 93. Qf2+ Kc3 94. Qc5+ Qc4 95. Qa3+ Kd2 96. Qd6+ Qd3 97.
Qf4+ Kc3 98. Kf8 Kb2 99. Qb4+ Ka2 0-1

[Event "Mondiale Semilampo FIDE 2024"]
[Site "New York"]
[Date "28.12.2024"]
[Round "12.63"]
[White "Sardana, Rishi"]
[Black "Sarana, Alexey"]
[Result "1-0"]
[WhiteTitle "IM"]
[BlackTitle "GM"]
[WhiteElo "2466"]
[BlackElo "2674"]
[WhiteFideId "25004301"]
[BlackFideId "24133795"]
[EventDate "26.12.2024"]

1. e4 c5 2. Nf3 d6 3. Bb5+ Bd7 4. Qe2 Nf6 5. O-O g6 6. Bxd7+ Nbxd7 7. c3 Bg7 8.
d4 O-O 9. e5 Ne8 10. e6 Nb6 11. exf7+ Rxf7 12. Ng5 Rf6 13. dxc5 dxc5 14. a4 Nc7
15. Nd2 h6 16. Nge4 Rc6 17. Rd1 Qf8 18. Nb3 Ne6 19. a5 Nc8 20. Rd7 Rb8 21. Be3
Qf5 22. Ng3 Qf7 23. Rad1 b6 24. a6 Rd6 25. R1xd6 Nxd6 26. Rxa7 Nd8 27. Nd2 Qa2
28. Rxe7 Ra8 29. Bf4 N6f7 30. Qe4 Qxa6 31. Qxg6 Qb5 32. Bxh6 Kf8 33. Rxf7+ Nxf7
34. Bxg7+ Ke8 35. Qe6+ 1-0

[Event "Mondiale Semilampo FIDE 2024"]
[Site "New York"]
[Date "28.12.2024"]
[Round "12.64"]
[White "Macovei, Andrei"]
[Black "Kevlishvili, Robby"]
[Result "0-1"]
[WhiteTitle "IM"]
[BlackTitle "GM"]
[WhiteElo "2477"]
[BlackElo "2556"]
[WhiteFideId "13904680"]
[BlackFideId "1040634"]
[EventDate "26.12.2024"]

1. e4 c5 2. Nf3 Nc6 3. Bb5 d6 4. O-O Bd7 5. Re1 Nf6 6. c3 a6 7. Bf1 Bg4 8. h3
Bxf3 9. Qxf3 e6 10. d3 Be7 11. Nd2 O-O 12. Qe2 b5 13. Nf3 Qb6 14. Be3 Rfe8 15.
g3 Bf8 16. Bg2 Rab8 17. Rad1 a5 18. Bg5 Nd7 19. d4 a4 20. e5 d5 21. dxc5 Bxc5
22. a3 Na5 23. h4 Nc4 24. Bf4 Rbd8 25. h5 h6 26. Bf1 f6 27. exf6 Nxf6 28. Ne5
Ne4 29. Nd3 e5 30. Nxc5 exf4 31. Nxe4 Rxe4 32. Qc2 Rxe1 33. Rxe1 fxg3 34. Bg2
Rf8 35. Bxd5+ Kh8 36. Re2 gxf2+ 37. Rxf2 Qc5 38. Bg2 Ne5 39. Kf1 Ng4 40. Rxf8+
Qxf8+ 41. Ke1 Qf4 42. Qe2 Qc1+ 43. Qd1 Qxd1+ 44. Kxd1 Ne3+ 45. Ke2 Nxg2 46. Kf3
Ne1+ 47. Ke2 Nc2 48. Kd3 Nxa3 49. bxa3 g6 50. hxg6 Kg7 51. c4 bxc4+ 52. Kxc4
Kxg6 53. Kd4 Kf5 54. Ke3 0-1

[Event "Mondiale Semilampo FIDE 2024"]
[Site "New York"]
[Date "28.12.2024"]
[Round "12.65"]
[White "Gan-Erdene, Sugar"]
[Black "Woodward, Andy"]
[Result "1-0"]
[WhiteTitle "IM"]
[BlackTitle "GM"]
[WhiteElo "2437"]
[BlackElo "2530"]
[WhiteFideId "4902980"]
[BlackFideId "30953499"]
[EventDate "26.12.2024"]

1. e4 c5 2. Nf3 d6 3. d4 cxd4 4. Nxd4 Nf6 5. Nc3 a6 6. Nb3 e6 7. g4 b5 8. Bg2
Bb7 9. g5 Nfd7 10. f4 h6 11. f5 hxg5 12. fxe6 fxe6 13. Nd4 Qf6 14. Rf1 Qe7 15.
Qg4 b4 16. Bxg5 Nf6 17. Bxf6 gxf6 18. Nce2 Nc6 19. Nxc6 Bxc6 20. e5 Bxg2 21.
Qxg2 Rc8 22. Rxf6 Qh7 23. Rxe6+ Kd7 24. Rg6 Qh4+ 25. Rg3 Qxh2 26. O-O-O Qxg2 27.
Rxg2 Rh6 28. Nd4 Rh5 29. e6+ Ke7 30. Rf1 Bh6+ 31. Kd1 Rf8 32. Rxf8 Bxf8 33. Rf2
Rd5 34. c3 bxc3 35. bxc3 Rc5 36. Kc2 Ke8 37. Rf7 d5 38. Ra7 Rc8 39. Nf5 Bc5 40.
Rh7 Kd8 41. Kd3 a5 42. Rd7+ Ke8 43. Ng7+ Kf8 44. Rf7+ Kg8 45. Nh5 1-0

[Event "Mondiale Semilampo FIDE 2024"]
[Site "New York"]
[Date "28.12.2024"]
[Round "12.66"]
[White "Juksta, Karolis"]
[Black "Kobalia, Mikhail"]
[Result "0-1"]
[WhiteTitle "IM"]
[BlackTitle "GM"]
[WhiteElo "2403"]
[BlackElo "2543"]
[WhiteFideId "12809039"]
[BlackFideId "4119150"]
[EventDate "26.12.2024"]

1. d4 d5 2. c4 c6 3. cxd5 cxd5 4. Bf4 e6 5. Nc3 Bd6 6. Bxd6 Qxd6 7. e3 Ne7 8.
Bd3 Nbc6 9. Rc1 Bd7 10. a3 O-O 11. Nf3 Rfc8 12. O-O Be8 13. b4 f6 14. Qb3 Bg6
15. Bxg6 hxg6 16. h3 Nf5 17. Rfd1 Qd7 18. Na4 b6 19. Rc2 Nd6 20. Nb2 Ne7 21.
Rdc1 g5 22. Nd2 Nef5 23. a4 Rxc2 24. Rxc2 Rc8 25. b5 Nb7 26. Qd3 Na5 27. Nb3
Rxc2 28. Qxc2 Nxb3 29. Qxb3 Qc7 30. Nd3 Nd6 31. f3 Nf5 32. e4 Nxd4 33. Qb4 Nc2
34. Qd2 dxe4 35. fxe4 Qc4 36. Nf2 Nd4 37. e5 Qd5 38. Qe3 f5 39. Qxg5 Qxe5 40.
Nd3 Qe4 41. Nf4 Qxf4 0-1

[Event "Mondiale Semilampo FIDE 2024"]
[Site "New York"]
[Date "28.12.2024"]
[Round "12.67"]
[White "Amartuvshin, Ganzorig"]
[Black "Lou, Yiping"]
[Result "1-0"]
[WhiteTitle "IM"]
[BlackTitle "IM"]
[WhiteElo "2392"]
[BlackElo "2459"]
[WhiteFideId "4902548"]
[BlackFideId "8603928"]
[EventDate "26.12.2024"]

1. d4 Nf6 2. c4 e6 3. Nf3 d5 4. Nc3 Nbd7 5. Qc2 dxc4 6. e4 c5 7. Bxc4 cxd4 8.
Nxd4 Ne5 9. Bb5+ Bd7 10. O-O a6 11. Bxd7+ Qxd7 12. Rd1 Qc7 13. Qa4+ Ned7 14. Bg5
Bc5 15. Bxf6 gxf6 16. Rac1 Rd8 17. Nb3 Ba7 18. Nd5 Qe5 19. Nc7+ Ke7 20. Qb4+ Nc5
21. Nd5+ exd5 22. Nxc5 Ke8 23. Nxb7 Rg8 24. Qa4+ Kf8 25. Qa3+ Ke8 26. Nxd8 Qf4
27. Qa4+ Kf8 28. Ne6+ fxe6 29. Rc8+ Kg7 30. Rxg8+ 1-0

[Event "Mondiale Semilampo FIDE 2024"]
[Site "New York"]
[Date "28.12.2024"]
[Round "12.68"]
[White "Christiansen, Johan-Sebastian"]
[Black "Mamedov, Edgar"]
[Result "1-0"]
[WhiteTitle "GM"]
[BlackTitle "IM"]
[WhiteElo "2661"]
[BlackElo "2441"]
[WhiteFideId "1512668"]
[BlackFideId "13739980"]
[EventDate "26.12.2024"]

1. e4 c5 2. Nf3 Nc6 3. b4 Nf6 4. b5 Nd4 5. e5 Qc7 6. Bb2 Ng4 7. Nxd4 Qxe5+ 8.
Be2 cxd4 9. f4 Qe4 10. O-O Nf6 11. Bf3 Qf5 12. a4 e6 13. Bxd4 Bc5 14. Bxc5 Qxc5+
15. d4 Qc7 16. Qd3 d5 17. Nd2 O-O 18. c4 dxc4 19. Nxc4 Rd8 20. Ne5 Nd5 21. Rac1
Qd6 22. Nc4 Qb4 23. Bd1 Bd7 24. Ne5 Be8 25. Rc4 Qd6 26. Bc2 g6 27. Ng4 h5 28.
Nf2 Qxf4 29. Re1 Nb6 30. Rb4 Qd6 31. Qb3 Rac8 32. Ne4 Qc7 33. Bd3 Nd5 34. Rc4
Qe7 35. Qb2 Rc7 36. Qf2 Rdc8 37. Rc5 b6 38. Rxd5 Kg7 39. Nd6 Rd8 40. Nxe8+ Rxe8
41. Rde5 Rd8 42. d5 Qa3 43. Qd4 Qc5 44. Qxc5 Rxc5 45. dxe6 Rxe5 46. Rxe5 fxe6
47. Bc4 Rd4 48. Bb3 Rb4 49. Re3 e5 50. Kf2 Kf6 51. Ke2 Rd4 52. Rd3 Re4+ 53. Re3
Rb4 54. Rf3+ Kg5 55. Bc2 e4 56. Rf7 Rc4 57. Kd2 e3+ 58. Kd3 Re4 59. Rf1 Re7 60.
Ke2 Rc7 61. Bd3 Rc3 62. Rf3 Ra3 63. Kxe3 h4 64. Rf7 Rxa4 65. Rg7 Ra2 66. Rxg6+
Kh5 67. Rg8 h3 68. Be2+ Kh6 69. Rh8+ Kg7 70. Rxh3 1-0

[Event "Mondiale Semilampo FIDE 2024"]
[Site "New York"]
[Date "28.12.2024"]
[Round "12.69"]
[White "Sharshenbekov, Emir"]
[Black "Gagunashvili, Merab"]
[Result "0-1"]
[WhiteTitle "CM"]
[BlackTitle "GM"]
[WhiteElo "2078"]
[BlackElo "2541"]
[WhiteFideId "13810634"]
[BlackFideId "13601652"]
[EventDate "26.12.2024"]

1. e4 e5 2. Nf3 Nc6 3. Nc3 Nf6 4. Bb5 Nd4 5. Bc4 Nxf3+ 6. Qxf3 d6 7. d3 Be7 8.
h3 c6 9. Bg5 O-O 10. Rd1 b5 11. Bb3 a5 12. a4 b4 13. Ne2 Nd7 14. Be3 Bg5 15. d4
Bxe3 16. Qxe3 Qe7 17. O-O Ba6 18. Rfe1 c5 19. dxe5 dxe5 20. Ng3 g6 21. Bd5 Rad8
22. c4 Kg7 23. Ne2 Nf6 24. b3 Nh5 25. Nc1 Nf4 26. Kh2 Bc8 27. Rd2 h5 28. Red1 h4
29. Nd3 Nxd3 30. Rxd3 f6 31. Bc6 Rd4 32. Bd5 Qd6 33. Kg1 f5 34. exf5 Bxf5 35.
R3d2 Qf6 36. Re1 Re8 37. f3 Bd7 38. Rde2 Bf5 39. Qf2 Bd3 40. Re3 Qf4 41. Be4
Red8 42. Bxd3 Rxd3 43. Rxe5 Rxb3 44. Re7+ Kh6 45. R7e4 Qf6 46. Rxh4+ Kg7 47. Qg3
Rbd3 48. Rf4 Qd6 49. Qg5 Rd1 50. Re4 Rxe1+ 51. Rxe1 Rd7 52. Re3 Qd1+ 53. Kh2
Qd6+ 54. f4 Qf6 55. Qg4 Rd4 56. Kg3 Rxc4 57. Re6 Rxf4 58. Qe2 Qg5+ 59. Kh2 Rf7
60. Qb2+ Kh7 61. Re4 Qf6 62. Qb3 Re7 63. Rc4 Qd6+ 64. Qg3 Qxg3+ 65. Kxg3 Rc7 66.
Kf4 b3 67. Rc1 c4 68. Rb1 c3 0-1

[Event "Mondiale Semilampo FIDE 2024"]
[Site "New York"]
[Date "28.12.2024"]
[Round "12.70"]
[White "Kvaloy, Aksel Bu"]
[Black "Rasulov, Vugar"]
[Result "0-1"]
[WhiteTitle "IM"]
[BlackTitle "GM"]
[WhiteElo "2490"]
[BlackElo "2504"]
[WhiteFideId "1528815"]
[BlackFideId "13402390"]
[EventDate "26.12.2024"]

1. e4 c6 2. d4 g6 3. Nf3 Bg7 4. Bd3 d5 5. exd5 cxd5 6. O-O Nc6 7. c3 Nf6 8. Re1
O-O 9. Bf4 Bf5 10. h3 Ne4 11. Nh4 Bd7 12. Nf3 Bf5 13. Qe2 Qb6 14. Na3 Rfe8 15.
Nb5 Rac8 16. Nh4 Be6 17. f3 Nf6 18. Kh1 a6 19. Na3 Nh5 20. Bh2 Bf6 21. Qf2 Ng7
22. g4 Bxh4 23. Qxh4 Qxb2 24. Nc2 Qxc3 25. Rad1 f6 26. Re3 Qa5 27. Rde1 Bf7 28.
Qh6 Nb4 29. Nxb4 Qxb4 30. Qf4 Rc3 31. Bf1 Rxe3 32. Qxe3 Ne6 33. Bg1 Rc8 34. Bg2
Rc3 35. Qd2 Qc4 36. Bf1 Qc6 37. f4 Rc2 38. Qe3 Qc3 39. Qxc3 Rxc3 40. f5 gxf5 41.
gxf5 Ng7 42. Rxe7 Nxf5 43. Rxb7 Ng3+ 44. Kg2 Nxf1 45. Kxf1 Rxh3 46. Rb6 Ra3 47.
Rxf6 Rxa2 48. Be3 h5 49. Bf4 a5 50. Ra6 Be8 51. Be5 Bb5+ 0-1

[Event "Mondiale Semilampo FIDE 2024"]
[Site "New York"]
[Date "28.12.2024"]
[Round "12.71"]
[White "Bilych, Oleksii"]
[Black "Banh Gia Huy"]
[Result "0-1"]
[WhiteTitle "IM"]
[BlackTitle "IM"]
[WhiteElo "2435"]
[BlackElo "2422"]
[WhiteFideId "14156504"]
[BlackFideId "12424714"]
[EventDate "26.12.2024"]

1. e4 e6 2. d4 d5 3. e5 c5 4. c3 Qb6 5. Nf3 Bd7 6. Bd3 Bb5 7. dxc5 Bxc5 8. b4
Bxd3 9. Qxd3 Bf8 10. O-O Nc6 11. Na3 Nge7 12. Be3 Qd8 13. b5 Na5 14. Nc2 Nf5 15.
Nfd4 Nxd4 16. Bxd4 Nc4 17. f4 g6 18. g4 Qc7 19. f5 Be7 20. fxe6 fxe6 21. Ne3 Rc8
22. Nxc4 Qxc4 23. Qe3 Kd7 24. Rf7 Rcf8 25. Raf1 Rxf7 26. Rxf7 Rf8 27. Rxf8 Bxf8
28. Qf2 Be7 29. Bxa7 Qxg4+ 30. Qg3 Qa4 31. Bd4 Qxa2 32. Qd3 Qc4 33. Qxc4 dxc4
34. Kg2 Bg5 35. Kf3 Bd2 36. Ke2 Bf4 37. h3 h5 38. Kf3 Bd2 39. Ke2 Bc1 40. Bc5 g5
41. Kf3 Bd2 42. Bb4 Ke8 43. Ke4 g4 44. hxg4 hxg4 45. Kd4 g3 46. Bc5 Be1 0-1

[Event "Mondiale Semilampo FIDE 2024"]
[Site "New York"]
[Date "28.12.2024"]
[Round "12.72"]
[White "Tang, Andrew"]
[Black "Schnaider, Ilan"]
[Result "1-0"]
[WhiteTitle "GM"]
[BlackTitle "IM"]
[WhiteElo "2527"]
[BlackElo "2392"]
[WhiteFideId "2059630"]
[BlackFideId "169013"]
[EventDate "26.12.2024"]

1. d4 d5 2. Nf3 Nf6 3. Bf4 e6 4. e3 c5 5. Be2 Bd6 6. dxc5 Bxf4 7. exf4 Qa5+ 8.
c3 Qxc5 9. Nbd2 Nc6 10. O-O O-O 11. Nb3 Qd6 12. Qd2 Ne7 13. Bd3 b6 14. Rfe1 Bb7
15. Rad1 Rad8 16. Ne5 Qc7 17. Qe3 Ne4 18. Nd4 Nf5 19. Qh3 Nxd4 20. cxd4 f5 21.
Re3 Rf6 22. Qf3 a6 23. Qe2 b5 24. Bb1 Qb6 25. Rh3 Qc7 26. Qe1 Qb6 27. f3 Nd6 28.
g4 fxg4 29. Nxg4 Ne8 30. Rxh7 Kf7 31. Qh4 Rd7 32. Qg5 Qd8 33. Ne5+ Kf8 34. Bg6
Ke7 35. Bxe8 Kxe8 36. Qh5+ g6 37. Rh8+ Rf8 38. Qxg6+ Ke7 39. Qg7+ Kd6 40. Qxf8+
Qxf8 41. Rxf8 Rg7+ 42. Kf2 Rh7 43. Rf7 1-0

[Event "Mondiale Semilampo FIDE 2024"]
[Site "New York"]
[Date "28.12.2024"]
[Round "12.73"]
[White "Manon, Reja Neer"]
[Black "Saraci, Nderim"]
[Result "0-1"]
[WhiteTitle "IM"]
[BlackTitle "IM"]
[WhiteElo "2429"]
[BlackElo "2431"]
[WhiteFideId "10224009"]
[BlackFideId "6351921"]
[EventDate "26.12.2024"]

1. e4 e5 2. Nf3 Nc6 3. d4 exd4 4. Nxd4 Nf6 5. Nxc6 bxc6 6. e5 Qe7 7. Qe2 Nd5 8.
c4 Ba6 9. b3 g5 10. Ba3 Qxa3 11. Nxa3 Bb4+ 12. Qd2 Bxd2+ 13. Kxd2 Nf4 14. Kc3
O-O-O 15. h4 h6 16. Re1 c5 17. g3 Bb7 18. Rg1 Ne6 19. Nc2 gxh4 20. gxh4 Rhg8 21.
Bd3 Nf4 22. Ne3 Rge8 23. Nf5 Ng2 24. Rxg2 Bxg2 25. Nxh6 Rf8 26. Rg1 Bf3 27. Rg7
Bh5 28. f4 f6 29. Nf5 fxe5 30. fxe5 Rde8 31. Ne7+ Kd8 32. Nd5 Rxe5 33. Rg5 Rxg5
34. hxg5 Rg8 35. b4 cxb4+ 36. Kxb4 Rxg5 37. a4 Bf7 38. Nc3 a5+ 39. Kb3 Rg3 40.
Be2 Ke7 41. Bf1 Kd6 42. Kb2 Ke5 43. c5 Rg4 44. Nb5 c6 45. Nd6 Be6 46. Ka3 Rg3+
47. Kb2 Rb3+ 48. Kc1 0-1

[Event "Mondiale Semilampo FIDE 2024"]
[Site "New York"]
[Date "28.12.2024"]
[Round "12.74"]
[White "Matviishen, Viktor"]
[Black "Barbosa, Oliver"]
[Result "0-1"]
[WhiteTitle "GM"]
[BlackTitle "GM"]
[WhiteElo "2566"]
[BlackElo "2451"]
[WhiteFideId "14129850"]
[BlackFideId "5201640"]
[EventDate "26.12.2024"]

1. d4 d5 2. c4 c6 3. Nf3 Nf6 4. Nc3 dxc4 5. a4 Bf5 6. e3 e6 7. Bxc4 Bb4 8. O-O
O-O 9. Qe2 Nbd7 10. e4 Bg4 11. Rd1 Qe7 12. h3 Bh5 13. e5 Nd5 14. Ne4 f6 15. exf6
N7xf6 16. Ng3 Bxf3 17. Qxf3 Rae8 18. Bg5 h6 19. Bd2 Bxd2 20. Rxd2 Qb4 21. Rc2
Nd7 22. Qe4 Rf4 23. Qg6 Rf7 24. Nh5 Nf8 25. Qg3 Nb6 26. b3 Nd5 27. Rd1 Rd8 28.
Re2 Nc3 29. Rxe6 Nxe6 30. Re1 Nd5 31. Rxe6 Qd2 32. Bxd5 cxd5 33. Nf6+ Kh8 34.
Ng4 Qc1+ 35. Kh2 Qf4 36. Ne5 Qxg3+ 37. Kxg3 Rc7 38. f4 Kh7 39. f5 Rf8 40. Kf4
Rc2 41. g4 Rfc8 42. Nd7 R2c3 43. Re7 Kh8 44. h4 Rd3 45. Ke5 Re3+ 46. Kd6 Rc6+ 0-1

[Event "Mondiale Semilampo FIDE 2024"]
[Site "New York"]
[Date "28.12.2024"]
[Round "12.75"]
[White "Horvath, Dominik"]
[Black "Fressinet, Laurent"]
[Result "0-1"]
[WhiteTitle "GM"]
[BlackTitle "GM"]
[WhiteElo "2542"]
[BlackElo "2588"]
[WhiteFideId "1642561"]
[BlackFideId "608742"]
[EventDate "26.12.2024"]

1. e4 c5 2. Nf3 Nc6 3. Bb5 g6 4. O-O Bg7 5. Re1 e5 6. b4 Nxb4 7. Bb2 a6 8. a3
axb5 9. axb4 Rxa1 10. Bxa1 d6 11. bxc5 Ne7 12. Qe2 b4 13. Qb5+ Nc6 14. c3 bxc3
15. Bxc3 O-O 16. Na3 Bg4 17. Qxb7 Bxf3 18. gxf3 Qg5+ 19. Kf1 Nd8 20. Qa6 dxc5
21. Nc4 Ne6 22. Ke2 Qh5 23. Qd6 Rd8 24. Qe7 Nf4+ 25. Kd1 Qxf3+ 26. Kc2 Qd3+ 27.
Kc1 Rb8 0-1